[Event "Mar del Plata 1st Cat RAM"]
[Site "Mar del Plata"]
[Date "2019.11.18"]
[Round "8"]
[White "Fidel, Roberto Oscar"]
[Black "Farace, Daniel Guillermo"]
[Result "1-0"]
[WhiteElo "2086"]
[BlackElo "1813"]
[PlyCount "73"]
[EventDate "2019.11.05"]
[EventType "tourn"]
[EventRounds "13"]
[EventCountry "ARG"]
[SourceTitle "EXT 2021"]
[Source "ChessBase"]
[SourceDate "2020.10.23"]
[SourceVersion "1"]
[SourceVersionDate "2020.10.23"]
[SourceQuality "1"]

1. d4 e6 2. Nf3 f5 3. Nc3 Nf6 4. Bg5 Be7 5. Bxf6 Bxf6 6. e4 fxe4 7. Nxe4 0-0 8. Bd3 Nc6 9. c3 d5 10. Nxf6+ Qxf6 11. Qe2 Bd7 12. 0-0 Rae8 13. Rae1 Qf4 14. Ne5 Nxe5 15. Qxe5 g6 16. Re3 Rf6 17. Qxf4 Rxf4 18. g3 Rf6 19. f4 Ref8 20. Rfe1 Kg7 21. Re5 b5 22. b3 Rb8 23. h4 Kf7 24. R1e2 Ke7 25. Rxd5 Bc6 26. Rg5 Kd6 27. Ree5 a6 28. Be4 Be8 29. Rc5 c6 30. Rge5 a5 31. Bd3 Bd7 32. c4 a4 33. cxb5 axb3 34. axb3 Rff8 35. bxc6 Rxb3 36. cxd7 Rxd3 37. Rc8 1-0

[Event "Mar del Plata 1st Cat RAM"]
[Site "Mar del Plata"]
[Date "2019.11.11"]
[Round "4"]
[White "Fidel, Roberto Oscar"]
[Black "Cirianni, Alejandro"]
[Result "1/2-1/2"]
[WhiteElo "2086"]
[BlackElo "2062"]
[PlyCount "80"]
[EventDate "2019.11.05"]
[EventType "tourn"]
[EventRounds "13"]
[EventCountry "ARG"]
[SourceTitle "EXT 2021"]
[Source "ChessBase"]
[SourceDate "2020.10.23"]
[SourceVersion "1"]
[SourceVersionDate "2020.10.23"]
[SourceQuality "1"]

1. d4 d5 2. Nf3 Nf6 3. g3 c6 4. Bg2 Bg4 5. Ne5 Bh5 6. c4 e6 7. Nc3 Nbd7 8. cxd5 exd5 9. Nd3 Bd6 10. Bf4 Qe7 11. 0-0 0-0 12. Bxd6 Qxd6 13. Nf4 Bg4 14. Qd3 Rad8 15. h3 Bh5 16. Nxh5 Nxh5 17. b4 Nhf6 18. b5 c5 19. Rfd1 c4 20. Qf5 g6 21. Qg5 Kg7 22. Nxd5 Rfe8 23. Nxf6 Nxf6 24. Qd2 b6 25. Qc2 c3 26. e4 Qb4 27. Rab1 Qc4 28. e5 Nd5 29. Qb3 Qc8 30. Rbc1 Qe6 31. Kh2 Re7 32. Bxd5 Rxd5 33. Rxc3 Qd7 34. Rcd3 Rxb5 35. Qc3 Rd5 36. f4 Re8 37. Qe1 h5 38. Qe4 Rd8 39. Kg2 b5 40. R1d2 a5 1/2-1/2

[Event "Pinamar U2200 1st"]
[Site "Pinamar"]
[Date "2019.05.04"]
[Round "3.1"]
[White "Daneri, Martin"]
[Black "Fidel, Roberto Oscar"]
[Result "1/2-1/2"]
[WhiteElo "2006"]
[BlackElo "2130"]
[PlyCount "48"]
[EventDate "2019.05.03"]
[EventType "swiss"]
[EventRounds "6"]
[EventCountry "ARG"]
[SourceTitle "EXT 2024"]
[Source "ChessBase"]
[SourceDate "2023.10.10"]
[SourceVersion "1"]
[SourceVersionDate "2023.10.10"]
[SourceQuality "1"]

1. f4 g6 2. Nf3 Bg7 3. g3 d5 4. Bg2 Nf6 5. 0-0 c6 6. c3 0-0 7. Qe1 Nbd7 8. d3 b6 9. a4 Bb7 10. h3 Qc7 11. b4 c5 12. b5 e5 13. fxe5 Nxe5 14. Nxe5 Qxe5 15. Bf4 Qe6 16. g4 Rfe8 17. Ra2 Nd7 18. Qg3 a6 19. Rd2 axb5 20. axb5 Ne5 21. c4 Qd7 22. cxd5 Bxd5 23. Nc3 Bxg2 24. Kxg2 Rad8 1/2-1/2

[Event "Pinamar U2200 1st"]
[Site "Pinamar"]
[Date "2019.05.04"]
[Round "4.2"]
[White "Fidel, Roberto Oscar"]
[Black "Navarro, Gustavo"]
[Result "0-1"]
[WhiteElo "2130"]
[BlackElo "1981"]
[PlyCount "92"]
[EventDate "2019.05.03"]
[EventType "swiss"]
[EventRounds "6"]
[EventCountry "ARG"]
[SourceTitle "EXT 2024"]
[Source "ChessBase"]
[SourceDate "2023.10.10"]
[SourceVersion "1"]
[SourceVersionDate "2023.10.10"]
[SourceQuality "1"]

1. d4 Nf6 2. Nf3 b6 3. g3 Bb7 4. Bg2 e6 5. 0-0 Be7 6. c4 0-0 7. Nc3 d5 8. Ne5 Nfd7 9. Qa4 c5 10. Nxd7 Nxd7 11. cxd5 cxd4 12. Qxd4 Bf6 13. Qd1 Bxc3 14. bxc3 exd5 15. Bxd5 Bxd5 16. Qxd5 Qc8 17. Bg5 h6 18. Bf4 Nf6 19. Qf3 Qe6 20. Be3 Ne4 21. Bd4 Nd2 22. Qg2 Nxf1 23. Qxf1 Qc4 24. Qd1 f5 25. e3 Rad8 26. a4 Rd6 27. Rb1 Qd5 28. Rb5 Qe4 29. a5 bxa5 30. Qb3+ Kh7 31. Rxa5 a6 32. Re5 Qf3 33. Re7 Rg6 34. Qb7 Qxb7 35. Rxb7 Ra8 36. e4 Kg8 37. Kg2 a5 38. c4 a4 39. c5 a3 40. c6 Rxc6 41. Rxg7+ Kf8 42. Rh7 Raa6 43. Rb7 a2 44. Kf3 fxe4+ 45. Kxe4 Ra4 46. Rb8+ Ke7 0-1

[Event "Judewicz Memorial U2200 sf 5th"]
[Site "Mar del Plata"]
[Date "2018.09.21"]
[Round "1.1"]
[White "Fidel, Roberto Oscar"]
[Black "Campanini, Hugo Ricardo"]
[Result "1-0"]
[WhiteElo "2165"]
[BlackElo "1805"]
[PlyCount "57"]
[EventDate "2018.09.21"]
[EventType "swiss"]
[EventRounds "7"]
[EventCountry "ARG"]
[SourceTitle "EXT 2024"]
[Source "ChessBase"]
[SourceDate "2023.10.10"]
[SourceVersion "1"]
[SourceVersionDate "2023.10.10"]
[SourceQuality "1"]

1. d4 Nf6 2. c4 g6 3. Nc3 Bg7 4. e4 d6 5. f4 0-0 6. Be2 c5 7. Nf3 Nc6 8. d5 Nb4 9. 0-0 h6 10. Kh1 Na6 11. Bd3 Nc7 12. f5 Nd7 13. fxg6 fxg6 14. e5 Rxf3 15. Qxf3 Nxe5 16. Qg3 Nxd3 17. Qxd3 Bf5 18. Qe2 Qd7 19. Bf4 Rf8 20. Rae1 e5 21. Bd2 Kh7 22. h3 h5 23. Ne4 b5 24. b3 b4 25. Rf3 Qe7 26. Bg5 Qd7 27. Ref1 Ne8 28. Ng3 Bf6 29. Bxf6 1-0

[Event "Mar del Plata op 48th"]
[Site "Mar del Plata"]
[Date "2017.04.11"]
[Round "5"]
[White "Labollita, Martin"]
[Black "Fidel, Roberto Oscar"]
[Result "1-0"]
[WhiteElo "2394"]
[BlackElo "2099"]
[PlyCount "38"]
[EventDate "2017.04.08"]
[EventType "swiss"]
[EventRounds "9"]
[EventCountry "ARG"]
[SourceTitle "CBM 178 Extra"]
[Source "ChessBase"]
[SourceDate "2017.06.22"]
[SourceVersion "1"]
[SourceVersionDate "2017.06.22"]
[SourceQuality "1"]

1. Nf3 d5 2. d4 c6 3. c4 e6 4. g3 f5 5. Bg2 Bd6 6. Bf4 Nf6 7. Qb3 0-0 8. Bxd6 Qxd6 9. Qa3 Qd8 10. Nbd2 Ne4 11. 0-0 Nd7 12. Rac1 Qf6 13. Qe3 h6 14. b4 g5 15. cxd5 exd5 16. b5 cxb5 17. Rc7 Nb6 18. Ne5 Be6 19. Rxb7 Rfc8 1-0

[Event "Mar del Plata op 48th"]
[Site "Mar del Plata"]
[Date "2017.04.09"]
[Round "2"]
[White "Fidel, Roberto Oscar"]
[Black "Bachmann, Axel"]
[Result "0-1"]
[WhiteElo "2099"]
[BlackElo "2646"]
[PlyCount "59"]
[EventDate "2017.04.08"]
[EventType "swiss"]
[EventRounds "9"]
[EventCountry "ARG"]
[SourceTitle "CBM 178 Extra"]
[Source "ChessBase"]
[SourceDate "2017.06.22"]
[SourceVersion "1"]
[SourceVersionDate "2017.06.22"]
[SourceQuality "1"]

1. d4 Nf6 2. Nf3 g6 3. Bf4 Bg7 4. e3 0-0 5. Be2 d6 6. h3 Nfd7 7. 0-0 e5 8. Bh2 Nc6 9. c4 f5 10. Nc3 Kh8 11. Qd2 e4 12. Ne1 Nf6 13. Rc1 g5 14. Nc2 Ne7 15. c5 Ng6 16. cxd6 cxd6 17. Nb5 f4 18. exf4 gxf4 19. Bxf4 Nxf4 20. Qxf4 Nd5 21. Qxe4 Nf4 22. Bg4 Bxg4 23. hxg4 Qg5 24. Nxd6 Qxg4 25. Rce1 Rf6 26. Ne3 Ne2+ 27. Rxe2 Qxe2 28. Ne8 Rg6 29. Nxg7 Rxg7 30. Qe5 0-1

[Event "Mar del Plata Vasta Memorial"]
[Site "Mar del Plata"]
[Date "2014.05.27"]
[Round "2"]
[White "Fraile, Jorge"]
[Black "Fidel, Roberto Oscar"]
[Result "1-0"]
[WhiteElo "2355"]
[BlackElo "2197"]
[PlyCount "109"]
[EventDate "2014.05.13"]
[EventType "tourn"]
[EventRounds "10"]
[EventCountry "ARG"]
[EventCategory "1"]
[SourceTitle "EXT 2017"]
[Source "ChessBase"]
[SourceDate "2016.10.25"]
[SourceVersion "1"]
[SourceVersionDate "2016.10.25"]
[SourceQuality "1"]

1. Nf3 Nf6 2. g3 e6 3. Bg2 d5 4. 0-0 Be7 5. c4 0-0 6. d4 dxc4 7. Qa4 a6 8. Qxc4 b5 9. Qc2 Bb7 10. Nc3 Nbd7 11. Rd1 c5 12. Bg5 Qc7 13. Rac1 Rac8 14. Qb1 b4 15. Na4 Be4 16. Qa1 c4 17. Bxf6 Nxf6 18. Nc5 Bxc5 19. Rxc4 Qa5 20. Rdc1 b3 21. Rxc5 Rxc5 22. Rxc5 Qa4 23. Qd1 Qxa2 24. Qc1 h6 25. Nd2 Bxg2 26. Kxg2 Nd5 27. Nc4 Qa4 28. e4 Nf6 29. Qe3 Rd8 30. e5 Nd5 31. Qe4 Qd7 32. Nd6 Ne7 33. Qf3 Nf5 34. Nxf5 exf5 35. d5 Qe7 36. d6 Qe6 37. Qd3 f6 38. f4 fxe5 39. fxe5 f4 40. Qd5 Qxd5+ 41. Rxd5 Kf7 42. gxf4 Ke6 43. Rc5 g5 44. Rc7 gxf4 45. Re7+ Kd5 46. d7 Kc6 47. e6 a5 48. Re8 Kc7 49. Kf3 a4 50. e7 Rxd7 51. Rc8+ Kxc8 52. e8Q+ Kc7 53. Qe5+ Kb6 54. Qe6+ Kc7 55. Qc4+ 1-0

[Event "Buenos Aires Duchamp Memorial op 5th"]
[Site "Buenos Aires"]
[Date "2013.03.26"]
[Round "5"]
[White "Amura, Claudia Noemi"]
[Black "Fidel, Roberto Oscar"]
[Result "1/2-1/2"]
[WhiteElo "2312"]
[BlackElo "2143"]
[PlyCount "46"]
[EventDate "2013.03.23"]
[EventType "swiss"]
[EventRounds "8"]
[EventCountry "ARG"]
[SourceTitle "CBM 153 Extra"]
[Source "ChessBase"]
[SourceDate "2013.04.22"]
[SourceVersion "1"]
[SourceVersionDate "2013.04.22"]
[SourceQuality "1"]

1. d4 e6 2. Nf3 Nf6 3. g3 d5 4. Bg2 Be7 5. c4 0-0 6. 0-0 dxc4 7. Ne5 Nc6 8. Nxc6 bxc6 9. Na3 Bxa3 10. bxa3 Ba6 11. Bxc6 Rb8 12. Qa4 Rb6 13. Bd2 c3 14. Bxc3 Bxe2 15. Rfe1 Ra6 16. Qb3 Rxc6 17. Rxe2 Qd5 18. Bb4 Rb8 19. Qxd5 Nxd5 20. Bc5 Ra6 21. Rc1 Ra4 22. Kg2 h6 23. h4 h5 1/2-1/2

[Event "Buenos Aires Duchamp Memorial op 5th"]
[Site "Buenos Aires"]
[Date "2013.03.24"]
[Round "2"]
[White "Fidel, Roberto Oscar"]
[Black "Munoz, Clara Belen"]
[Result "1-0"]
[WhiteElo "2143"]
[BlackElo "1378"]
[PlyCount "105"]
[EventDate "2013.03.23"]
[EventType "swiss"]
[EventRounds "8"]
[EventCountry "ARG"]
[SourceTitle "CBM 153 Extra"]
[Source "ChessBase"]
[SourceDate "2013.04.22"]
[SourceVersion "1"]
[SourceVersionDate "2013.04.22"]
[SourceQuality "1"]

1. d4 d5 2. Nf3 Nf6 3. c4 e6 4. g3 Nbd7 5. Qc2 Be7 6. Bg2 0-0 7. 0-0 b6 8. cxd5 exd5 9. Qc6 Ba6 10. Nc3 Rb8 11. Bf4 Bb7 12. Qxc7 Qxc7 13. Bxc7 Rbc8 14. Bf4 Ne4 15. Rac1 Ndf6 16. Nxe4 Nxe4 17. Bh3 f5 18. Rxc8 Bxc8 19. Rc1 Ba6 20. Rc7 g5 21. Be5 g4 22. Rxe7 Rf7 23. Re8+ Rf8 24. Rxf8+ Kxf8 25. Bg2 gxf3 26. exf3 Nd2 27. Bb8 Bc4 28. b3 Bd3 29. Bxa7 Bb1 30. Bxb6 Bxa2 31. b4 Bc4 32. f4 Ne4 33. Bh3 Nd6 34. Bc5 Ke7 35. Bxd6+ Kxd6 36. Bxf5 h6 37. Bg6 Kc6 38. Be8+ Kb6 39. g4 Bd3 40. g5 hxg5 41. fxg5 Bf5 42. h4 Kc7 43. h5 Bh7 44. g6 Bg8 45. Bf7 Bxf7 46. gxf7 Kb6 47. f8Q Kb7 48. Qd6 Ka7 49. h6 Kb7 50. h7 Ka7 51. h8R Kb7 52. Rh7+ Kc8 53. Qc7# 1-0

[Event "Mar del Plata op 39th"]
[Site "Mar del Plata"]
[Date "2008.03.20"]
[Round "7"]
[White "Fidel, Roberto Oscar"]
[Black "Needleman, Alejandro"]
[Result "0-1"]
[WhiteElo "2168"]
[BlackElo "2355"]
[PlyCount "54"]
[EventDate "2008.03.15"]
[EventType "swiss"]
[EventRounds "9"]
[EventCountry "ARG"]
[SourceTitle "CBM 123 Extra"]
[Source "ChessBase"]
[SourceDate "2008.05.06"]
[SourceVersion "1"]
[SourceVersionDate "2008.05.06"]
[SourceQuality "1"]

1. d4 Nf6 2. c4 c5 3. Nf3 cxd4 4. Nxd4 e5 5. Nc2 Bc5 6. Nc3 0-0 7. e3 d6 8. Be2 Be6 9. 0-0 a6 10. b3 Nc6 11. Bb2 Rc8 12. Bf3 Ne8 13. Qe2 f5 14. Bd5 Rf6 15. f4 Qe7 16. Bxe6+ Qxe6 17. Nd5 Rf7 18. Kh1 Ne7 19. Rad1 Nxd5 20. cxd5 Qe7 21. e4 exf4 22. Rxf4 g5 23. Rff1 Qxe4 24. Qd2 f4 25. Qc3 Ng7 26. b4 Rcc7 27. Rfe1 Be3 0-1

[Event "Mar del Plata op 38th"]
[Site "Mar del Plata"]
[Date "2007.04.07"]
[Round "9"]
[White "Cubas, Jose Fernando"]
[Black "Fidel, Roberto Oscar"]
[Result "1-0"]
[WhiteElo "2414"]
[BlackElo "2205"]
[PlyCount "89"]
[EventDate "2007.03.31"]
[EventType "swiss"]
[EventRounds "9"]
[EventCountry "ARG"]
[SourceTitle "CBM 117 Extra"]
[Source "ChessBase"]
[SourceDate "2007.05.09"]
[SourceVersion "1"]
[SourceVersionDate "2007.05.09"]
[SourceQuality "1"]

1. e4 e5 2. Nf3 Nc6 3. Bc4 Nf6 4. d3 Be7 5. 0-0 0-0 6. Re1 d5 7. exd5 Nxd5 8. Nxe5 Nxe5 9. Rxe5 c6 10. Nd2 Bd6 11. Re1 Qh4 12. g3 Qh3 13. Ne4 Bc7 14. d4 h5 15. Ng5 Qg4 16. Be2 Qf5 17. Bd3 Qg4 18. Bd2 h4 19. Qxg4 Bxg4 20. c4 Nf6 21. h3 Bd7 22. g4 Rad8 23. Nf3 b5 24. b3 bxc4 25. bxc4 Bc8 26. Bc3 Bb6 27. Rad1 Rfe8 28. Rxe8+ Nxe8 29. Nxh4 g6 30. Nf3 Ng7 31. Ne5 Bb7 32. Be4 Ne6 33. Bxc6 Nxd4 34. Bxd4 Rxd4 35. Rxd4 Bxd4 36. Nxg6 fxg6 37. Bxb7 g5 38. Kg2 Kg7 39. h4 gxh4 40. f4 Be3 41. Kf3 Bg1 42. g5 h3 43. f5 h2 44. Kg4 Bd4 45. f6+ 1-0